000
00294nam a2200121Ia 4500
008
190216s9999||||xx |||||||||||||| ||und||
100
_a
Pieter Wesseling
245
0
_a
Principles Of Computational Fluid Dynamics
260
_b
Springer
_c
2006
300
_a
644
650
_a
Physics
942
_c
BK
999
_c
34509
_d
34509